| 000 | 00397cam a2200157ua 4500 | ||
|---|---|---|---|
| 041 |
_aeng _h |
||
| 082 |
_a620.4021 _bMAT/TH |
||
| 100 | _aMathur, M L. | ||
| 245 |
_aThermodynamics for engineers / _cM L Mathur. _hTextual Documents |
||
| 260 |
_aDelhi : _bMetropolitan book co. Pvt Ltd , _c1985. |
||
| 300 | _a ; . | ||
| 504 | _a | ||
| 700 | 1 | _aGupta, S.C. | |
| 942 | _cBK | ||
| 999 |
_c13245 _d13245 |
||